<?xml version="1.0" encoding="UTF-8"?><?xml-stylesheet type="text/xsl" href="static/style.xsl"?><OAI-PMH xmlns="http://www.openarchives.org/OAI/2.0/" xmlns:xsi="http://www.w3.org/2001/XMLSchema-instance" xsi:schemaLocation="http://www.openarchives.org/OAI/2.0/ http://www.openarchives.org/OAI/2.0/OAI-PMH.xsd"><responseDate>2026-04-28T19:51:21Z</responseDate><request verb="GetRecord" identifier="oai:uvadoc.uva.es:10324/2043" metadataPrefix="marc">https://uvadoc.uva.es/oai/request</request><GetRecord><record><header><identifier>oai:uvadoc.uva.es:10324/2043</identifier><datestamp>2021-06-23T16:45:32Z</datestamp><setSpec>com_10324_30605</setSpec><setSpec>com_10324_894</setSpec><setSpec>col_10324_41</setSpec></header><metadata><record xmlns="http://www.loc.gov/MARC21/slim" xmlns:doc="http://www.lyncode.com/xoai" xmlns:xsi="http://www.w3.org/2001/XMLSchema-instance" xmlns:dcterms="http://purl.org/dc/terms/" xsi:schemaLocation="http://www.loc.gov/MARC21/slim http://www.loc.gov/standards/marcxml/schema/MARC21slim.xsd">
<leader>00925njm 22002777a 4500</leader>
<datafield tag="042" ind1=" " ind2=" ">
<subfield code="a">dc</subfield>
</datafield>
<datafield tag="720" ind1=" " ind2=" ">
<subfield code="a">Cárdaba Arranz, Mario</subfield>
<subfield code="e">author</subfield>
</datafield>
<datafield tag="260" ind1=" " ind2=" ">
<subfield code="c">2012</subfield>
</datafield>
<datafield tag="520" ind1=" " ind2=" ">
<subfield code="a">El objetivo del presente trabajo es realizar una estimación de la carga ambiental de enfermedad debida a la contaminación atmosférica por materia particulada (PM10 y PM2,5) y ozono (O3) entre los años 1999-2008 en la ciudad de Valladolid, a modo de evaluación del impacto en salud según una metodología propuesta por la Organización Mundial de la Salud (OMS) que aplica fracciones atribuibles a la mortalidad observada en ciertas causas de muerte para calcular, considerando las concentraciones observadas de los contaminantes, por un lado los fallecimientos que se podrían haber evitado de haberse aplicado los valores de referencia de calidad del aire señalados por la OMS en sus Guías de Calidad del Aire y por la Unión Europea en su Directiva 2008/50/CE, y por otro los fallecimientos que se habrían podido atribuir a los niveles observados de los contaminantes respecto a un determinado valor natural "de fondo" asumido a priori.</subfield>
</datafield>
<datafield tag="024" ind2=" " ind1="8">
<subfield code="a">http://uvadoc.uva.es/handle/10324/2043</subfield>
</datafield>
<datafield tag="024" ind2=" " ind1="8">
<subfield code="a">b1647318</subfield>
</datafield>
<datafield tag="024" ind2=" " ind1="8">
<subfield code="a">10.35376/10324/2043</subfield>
</datafield>
<datafield ind1=" " ind2=" " tag="653">
<subfield code="a">Aire - Contaminación - España-Valladolid</subfield>
</datafield>
<datafield ind1=" " ind2=" " tag="653">
<subfield code="a">Enfermedades</subfield>
</datafield>
<datafield ind1=" " ind2=" " tag="653">
<subfield code="a">Salud pública - Aspecto del medio ambiente</subfield>
</datafield>
<datafield ind1=" " ind2=" " tag="653">
<subfield code="a">Ozono</subfield>
</datafield>
<datafield tag="245" ind1="0" ind2="0">
<subfield code="a">Carga de enfermedad por contaminación atmosférica debida a materia particulada (PM10 y PM2,5) y ozono (O3) en la ciudad de Valladolid durante el periodo 1999-2008</subfield>
</datafield>
</record></metadata></record></GetRecord></OAI-PMH>